header

Tradition in the twenty-first century (Record no. 152099)

MARC details
000 -LEADER
fixed length control field 01438nam a2200373Ia 4500
082 04 - DEWEY DECIMAL CLASSIFICATION NUMBER
Classification number 398.2
245 00 - TITLE STATEMENT
Title Tradition in the twenty-first century
260 ## - PUBLICATION, DISTRIBUTION, ETC. (IMPRINT)
Place of publication Boulder, CO :
Name of publisher Utah State University Press,
Year of publication 2013.
300 ## - PHYSICAL DESCRIPTION
Number of Pages 225 p. :
Other physical details ill.
650 #0 - SUBJECT ADDED ENTRY--TOPICAL TERM
Topical Term Folklore.
Topical Term Tradition (Philosophy)
Topical Term Oral tradition.
Topical Term Communication in folklore.
Topical Term Semiotics and folk literature.
700 1# - ADDED ENTRY--PERSONAL NAME
Personal name Blank, Trevor J.
Personal name Howard, Robert Glenn.
856 40 - ELECTRONIC LOCATION AND ACCESS
Uniform Resource Identifier http://site.ebrary.com/lib/rucke/Doc?id=10729500

No items available.

© 2026 Rongo University
Contact us: librarian | system librarian | Rongo university